000
00309nam a22001337a 4500
003
SGT
082
_a
515.353 PUN
100
_a
PUNDIR,SUDHIR K
245
_a
ADVANCED PARTIAL DIFFERENTIAL EQUATION
260
_a
MEERUT
_b
PRAGATI PRAKASHAN
_c
2015
300
_a
676
650
_a
MATHEMATICS
942
_2
ddc
_c
FPS
999
_c
10027
_d
10027